[Event "DVM U14 2016"]
[Site "Düsseldorf GER"]
[Date "2016.12.27"]
[Round "1"]
[White "Pfreundt, Mathis"]
[Black "Engel, Luis"]
[Result "0-1"]
[Termination "normal"]
[Board "1.1"]
[WhiteElo "1898"]
[BlackElo "2371"]
[WhiteClock "00:13:16"]
[BlackClock "00:06:59"]
[WhiteTeam "Königsspringer SC"]
[BlackTeam "Hamburger SK"]
[PlyCount "88"]
[WhiteFideId "12967092"]
[BlackFideId "12961523"]
[EventCountry "GER"]
[EventRounds "7"]
[EventType "team-swiss"]
[EventDate "2016.12.26"]

1. e4 {[%clk 1:30:58]} c5 {[%clk 1:30:54]} 2. Nf3 {[%clk 1:31:25]} d6 {[%clk
1:31:15]} 3. d4 {[%clk 1:31:50]} cxd4 {[%clk 1:31:38]} 4. Nxd4 {[%clk 1:32:14]}
Nf6 {[%clk 1:31:59]} 5. f3 {[%clk 1:32:39]} e5 {[%clk 1:32:15]} 6. Nb3 {[%clk
1:33:02]} Be6 {[%clk 1:32:26]} 7. c4 {[%clk 1:33:09]} Nbd7 {[%clk 1:32:48]} 8.
Be3 {[%clk 1:33:26]} Rc8 {[%clk 1:32:56]} 9. Na3 {[%clk 1:33:46]} a6 {[%clk
1:32:57]} 10. Be2 {[%clk 1:31:56]} Be7 {[%clk 1:32:53]} 11. O-O {[%clk
1:31:56]} O-O {[%clk 1:33:09]} 12. Rc1 {[%clk 1:30:14]} Rc7 {[%clk 1:25:14]}
13. Qd2 {[%clk 1:27:35]} Qb8 {[%clk 1:24:46]} 14. Rfd1 {[%clk 1:26:23]} Rfc8
{[%clk 1:24:18]} 15. Kh1 {[%clk 1:24:58]} h6 {[%clk 1:18:11]} 16. Qd3 {[%clk
1:20:59]} b6 {[%clk 1:06:30]} 17. Bf1 {[%clk 1:15:53]} Rc6 {[%clk 1:03:36]} 18.
Rc2 {[%clk 1:00:59]} Nh7 {[%clk 0:59:46]} 19. Nd2 {[%clk 0:53:14]} Bg5 {[%clk
0:54:21]} 20. Bxg5 {[%clk 0:52:12]} hxg5 {[%clk 0:53:02]} 21. b4 {[%clk
0:48:24]} Nhf6 {[%clk 0:46:06]} 22. Nb3 {[%clk 0:45:37]} g4 {[%clk 0:41:59]}
23. b5 {[%clk 0:40:45]} axb5 {[%clk 0:41:40]} 24. cxb5 {[%clk 0:41:03]} Rxc2
{[%clk 0:41:57]} 25. Nxc2 {[%clk 0:41:25]} gxf3 {[%clk 0:42:06]} 26. gxf3
{[%clk 0:41:34]} d5 {[%clk 0:35:02]} 27. Nb4 {[%clk 0:39:23]} dxe4 {[%clk
0:33:43]} 28. fxe4 {[%clk 0:38:40]} Rc4 {[%clk 0:28:44]} 29. Nc6 {[%clk
0:37:13]} Qa8 {[%clk 0:28:21]} 30. Bg2 {[%clk 0:27:10]} Qxa2 {[%clk 0:27:29]}
31. Ra1 {[%clk 0:22:45]} Qf2 {[%clk 0:25:30]} 32. Nd2 {[%clk 0:22:31]} Rc5
{[%clk 0:24:14]} 33. Nf3 {[%clk 0:21:10]} Rc2 {[%clk 0:21:53]} 34. Qf1 {[%clk
0:15:42]} Nxe4 {[%clk 0:17:40]} 35. Nfxe5 {[%clk 0:14:12]} Qxf1+ {[%clk
0:16:43]} 36. Rxf1 {[%clk 0:14:07]} Nxe5 {[%clk 0:14:45]} 37. Nxe5 {[%clk
0:13:36]} Nd6 {[%clk 0:13:36]} 38. Bc6 {[%clk 0:13:18]} Nxb5 {[%clk 0:06:52]}
39. Bxb5 {[%clk 0:13:17]} Rc5 {[%clk 0:07:14]} 40. Nxf7 {[%clk 0:12:57]} Rxb5
{[%clk 0:07:03]} 41. Nd6 {[%clk 0:13:01]} Rg5 {[%clk 0:05:56]} 42. h4 {[%clk
0:12:40]} Bd5+ {[%clk 0:06:13]} 43. Kh2 {[%clk 0:12:55]} Rg2+ {[%clk 0:06:36]}
44. Kh3 {[%clk 0:13:16]} Rg6 {[%clk 0:06:59]} 0-1

[Event "DVM U14 2016"]
[Site "Düsseldorf GER"]
[Date "2016.12.27"]
[Round "1"]
[White "Samson, Valentin"]
[Black "Engel, Robert"]
[Result "1/2-1/2"]
[Termination "normal"]
[Board "1.3"]
[WhiteElo "1577"]
[BlackElo "1812"]
[WhiteClock "00:16:16"]
[BlackClock "00:16:51"]
[WhiteTeam "Königsspringer SC"]
[BlackTeam "Hamburger SK"]
[PlyCount "70"]
[WhiteFideId "36020656"]
[BlackFideId "12974684"]
[EventCountry "GER"]
[EventRounds "7"]
[EventType "team-swiss"]
[EventDate "2016.12.26"]

1. Nc3 {[%clk 1:30:58]} d5 {[%clk 1:30:24]} 2. e4 {[%clk 1:31:21]} d4 {[%clk
1:27:32]} 3. Nce2 {[%clk 1:31:43]} e5 {[%clk 1:26:20]} 4. d3 {[%clk 1:31:25]}
c5 {[%clk 1:25:40]} 5. f4 {[%clk 1:31:03]} Bd6 {[%clk 1:22:56]} 6. Nf3 {[%clk
1:27:51]} Nc6 {[%clk 1:21:44]} 7. c3 {[%clk 1:22:09]} exf4 {[%clk 1:17:29]} 8.
cxd4 {[%clk 1:17:26]} cxd4 9. Bxf4 {[%clk 1:17:23]} Bxf4 {[%clk 1:14:36]} 10.
Nxf4 {[%clk 1:17:05]} Nf6 {[%clk 1:13:44]} 11. Rc1 {[%clk 1:07:57]} Qd6 {[%clk
1:08:44]} 12. Qd2 {[%clk 1:04:50]} O-O {[%clk 1:06:41]} 13. h3 {[%clk 0:59:36]}
Ne5 {[%clk 1:00:58]} 14. Be2 {[%clk 0:53:59]} b6 {[%clk 0:56:01]} 15. O-O
{[%clk 0:50:59]} Ba6 {[%clk 0:55:15]} 16. Bd1 {[%clk 0:46:30]} Nxd3 {[%clk
0:43:16]} 17. Nxd3 {[%clk 0:42:10]} Nxe4 {[%clk 0:43:31]} 18. Qc2 {[%clk
0:35:30]} Rac8 {[%clk 0:34:05]} 19. Qb1 {[%clk 0:35:35]} Rxc1 {[%clk 0:32:58]}
20. Nxc1 {[%clk 0:35:40]} Bxf1 {[%clk 0:30:14]} 21. Qxe4 {[%clk 0:35:52]} Ba6
{[%clk 0:28:40]} 22. Nxd4 {[%clk 0:30:02]} Qc7 {[%clk 0:25:07]} 23. Bc2 {[%clk
0:27:03]} g6 {[%clk 0:24:25]} 24. Nce2 {[%clk 0:23:36]} Bb7 {[%clk 0:23:05]}
25. Qe3 {[%clk 0:20:39]} Kg7 {[%clk 0:20:40]} 26. Qc3 {[%clk 0:18:41]} Qxc3
{[%clk 0:20:02]} 27. Nxc3 {[%clk 0:19:08]} Rd8 {[%clk 0:19:32]} 28. Nb3 {[%clk
0:17:29]} f5 {[%clk 0:19:13]} 29. Kf2 {[%clk 0:17:25]} Kf6 {[%clk 0:19:02]} 30.
h4 {[%clk 0:16:50]} h6 {[%clk 0:18:22]} 31. g3 {[%clk 0:16:56]} g5 {[%clk
0:17:41]} 32. hxg5+ {[%clk 0:16:54]} hxg5 {[%clk 0:17:53]} 33. Nb5 {[%clk
0:16:05]} a6 {[%clk 0:16:48]} 34. N5d4 {[%clk 0:16:12]} f4 {[%clk 0:16:32]} 35.
gxf4 {[%clk 0:16:16]} gxf4 {[%clk 0:16:51]} 1/2-1/2

[Event "DVM U14 2016"]
[Site "Düsseldorf GER"]
[Date "2016.12.27"]
[Round "1"]
[White "Foo, Tzun Hong"]
[Black "Kipke, Mark"]
[Result "1-0"]
[Termination "normal"]
[Board "1.4"]
[WhiteElo "1788"]
[BlackElo "1568"]
[WhiteClock "00:01:43"]
[BlackClock "00:37:15"]
[WhiteTeam "Hamburger SK"]
[BlackTeam "Königsspringer SC"]
[PlyCount "75"]
[WhiteFideId "12974200"]
[BlackFideId "16217616"]
[EventCountry "GER"]
[EventRounds "7"]
[EventType "team-swiss"]
[EventDate "2016.12.26"]

1. e4 {[%clk 1:30:56]} c5 {[%clk 1:30:59]} 2. Nf3 {[%clk 1:31:15]} Nc6 {[%clk
1:31:23]} 3. c3 {[%clk 1:30:49]} d5 {[%clk 1:30:46]} 4. exd5 {[%clk 1:29:41]}
Qxd5 {[%clk 1:31:10]} 5. d4 {[%clk 1:29:00]} cxd4 {[%clk 1:29:02]} 6. cxd4
{[%clk 1:25:37]} e5 {[%clk 1:26:58]} 7. dxe5 {[%clk 1:12:55]} Qxd1+ {[%clk
1:27:15]} 8. Kxd1 {[%clk 1:13:19]} Bg4 {[%clk 1:27:38]} 9. Be2 {[%clk 1:13:42]}
O-O-O+ {[%clk 1:27:45]} 10. Bd2 {[%clk 1:07:41]} Bxf3 {[%clk 1:27:04]} 11. Bxf3
{[%clk 1:07:19]} Nxe5 {[%clk 1:27:24]} 12. Be4 {[%clk 1:06:30]} Nf6 {[%clk
1:22:47]} 13. Bf5+ {[%clk 1:04:12]} Kb8 {[%clk 1:22:56]} 14. Kc2 {[%clk
0:56:43]} Nd5 {[%clk 1:21:09]} 15. a3 {[%clk 0:52:51]} Nc6 {[%clk 1:20:03]} 16.
Bc3 {[%clk 0:45:41]} f6 {[%clk 1:14:45]} 17. Nd2 {[%clk 0:39:42]} Bc5 {[%clk
1:10:37]} 18. Ne4 {[%clk 0:37:23]} Bxf2 {[%clk 1:08:12]} 19. Nxf2 {[%clk
0:31:27]} Ne3+ {[%clk 1:08:28]} 20. Kb3 {[%clk 0:31:51]} Nxf5 {[%clk 1:08:34]}
21. Ne4 {[%clk 0:28:00]} Rhe8 {[%clk 1:07:30]} 22. Rhe1 {[%clk 0:26:33]} Rc8
{[%clk 1:04:21]} 23. g4 {[%clk 0:22:43]} Nfd4+ {[%clk 1:04:33]} 24. Ka2 {[%clk
0:19:27]} Rcd8 {[%clk 1:03:57]} 25. Rad1 {[%clk 0:17:47]} Nb5 {[%clk 1:01:32]}
26. Bd2 {[%clk 0:11:01]} Nbd4 {[%clk 0:56:11]} 27. Bf4+ {[%clk 0:10:43]} Ka8
{[%clk 0:54:53]} 28. Nd6 {[%clk 0:08:20]} Rxe1 {[%clk 0:50:09]} 29. Rxe1 {[%clk
0:08:38]} Nf3 {[%clk 0:50:00]} 30. Re8 {[%clk 0:07:25]} Nfe5 {[%clk 0:48:23]}
31. h3 {[%clk 0:05:28]} Kb8 {[%clk 0:47:30]} 32. g5 {[%clk 0:02:53]} b6 {[%clk
0:44:11]} 33. Rxd8+ {[%clk 0:02:04]} Nxd8 {[%clk 0:44:23]} 34. Ne8 {[%clk
0:02:24]} Ne6 {[%clk 0:42:23]} 35. gxf6 {[%clk 0:01:05]} gxf6 {[%clk 0:39:45]}
36. Bg3 {[%clk 0:01:26]} Kc8 {[%clk 0:38:37]} 37. Nxf6 {[%clk 0:01:29]} Ng7
{[%clk 0:37:15]} 38. Bxe5 {[%clk 0:01:43]} 1-0

[Event "DVM U14 2016"]
[Site "Düsseldorf GER"]
[Date "2016.12.27"]
[Round "1"]
[White "Suvorov, Alexander"]
[Black "Faßhauer, Jacob"]
[Result "1/2-1/2"]
[Termination "normal"]
[Board "2.1"]
[WhiteElo "2149"]
[BlackElo "1890"]
[WhiteClock "00:24:58"]
[BlackClock "00:30:52"]
[WhiteTeam "SG Porz"]
[BlackTeam "SG Leipzig"]
[PlyCount "84"]
[WhiteFideId "12977063"]
[BlackFideId "12990167"]
[EventCountry "GER"]
[EventRounds "7"]
[EventType "team-swiss"]
[EventDate "2016.12.26"]

1. d4 {[%clk 1:30:58]} Nf6 {[%clk 1:30:56]} 2. c4 {[%clk 1:31:22]} g6 {[%clk
1:31:23]} 3. Nc3 {[%clk 1:31:33]} Bg7 {[%clk 1:31:47]} 4. Nf3 {[%clk 1:31:53]}
O-O {[%clk 1:32:09]} 5. g3 {[%clk 1:32:14]} d6 {[%clk 1:32:32]} 6. Bg2 {[%clk
1:32:29]} Nc6 {[%clk 1:32:56]} 7. O-O {[%clk 1:32:49]} a6 {[%clk 1:33:17]} 8.
Qd3 {[%clk 1:33:03]} Rb8 {[%clk 1:33:26]} 9. d5 {[%clk 1:30:53]} Na7 {[%clk
1:31:48]} 10. e4 {[%clk 1:22:52]} c5 {[%clk 1:24:53]} 11. Bd2 {[%clk 1:08:35]}
Ne8 {[%clk 0:50:30]} 12. Rab1 {[%clk 1:03:41]} b5 {[%clk 0:38:20]} 13. b3
{[%clk 1:03:12]} Nc7 {[%clk 0:30:53]} 14. Nd1 {[%clk 0:38:13]} e5 {[%clk
0:20:54]} 15. Ne1 {[%clk 0:31:09]} f5 {[%clk 0:18:01]} 16. f4 {[%clk 0:29:59]}
Ne8 {[%clk 0:13:59]} 17. Nf2 {[%clk 0:25:51]} Qe7 {[%clk 0:12:58]} 18. Nf3
{[%clk 0:23:00]} Bd7 {[%clk 0:11:52]} 19. fxe5 {[%clk 0:20:22]} dxe5 {[%clk
0:11:58]} 20. Be3 {[%clk 0:17:06]} Rc8 {[%clk 0:10:24]} 21. b4 {[%clk 0:11:13]}
bxc4 {[%clk 0:10:44]} 22. Qc2 {[%clk 0:10:31]} Nb5 {[%clk 0:09:31]} 23. Bxc5
{[%clk 0:09:38]} Rxc5 {[%clk 0:09:54]} 24. bxc5 {[%clk 0:09:56]} Qxc5 {[%clk
0:10:21]} 25. Rbe1 {[%clk 0:08:54]} Ned6 {[%clk 0:09:53]} 26. Kh1 {[%clk
0:08:11]} fxe4 {[%clk 0:10:03]} 27. Nxe4 {[%clk 0:08:07]} Nxe4 {[%clk 0:10:28]}
28. Qxe4 Bf5 {[%clk 0:09:00]} 29. Qh4 {[%clk 0:05:41]} Qc7 {[%clk 0:06:44]} 30.
a4 {[%clk 0:04:56]} Nd4 {[%clk 0:06:17]} 31. Nxd4 {[%clk 0:04:36]} exd4 {[%clk
0:06:42]} 32. Re7 {[%clk 0:04:49]} Qd6 {[%clk 0:06:11]} 33. Rxg7+ {[%clk
0:04:21]} Kxg7 {[%clk 0:06:28]} 34. Qxd4+ {[%clk 0:04:45]} Kg8 {[%clk 0:05:26]}
35. Qxc4 {[%clk 0:05:01]} Rc8 {[%clk 0:05:50]} 36. Qb3 {[%clk 0:05:24]} Rb8
{[%clk 0:05:54]} 37. Qf3 {[%clk 0:05:22]} Rb4 {[%clk 0:05:49]} 38. a5 {[%clk
0:05:20]} Qe5 {[%clk 0:03:49]} 39. h3 {[%clk 0:04:49]} h5 {[%clk 0:04:01]} 40.
Rc1 {[%clk 0:03:48]} Rb2 {[%clk 0:03:33]} 41. Qf4 {[%clk 0:27:06]} Qe2 {[%clk
0:31:03]} 42. Qf3 {[%clk 0:24:58]} Qe5 {[%clk 0:30:52]} 1/2-1/2

[Event "DVM U14 2016"]
[Site "Düsseldorf GER"]
[Date "2016.12.27"]
[Round "1"]
[White "Enxing, Philemon"]
[Black "Suvorov, Luca"]
[Result "0-1"]
[Termination "normal"]
[Board "2.2"]
[WhiteElo "1460"]
[BlackElo "2039"]
[WhiteClock "00:23:48"]
[BlackClock "00:38:15"]
[WhiteTeam "SG Leipzig"]
[BlackTeam "SG Porz"]
[PlyCount "26"]
[WhiteFideId "16217632"]
[BlackFideId "12977071"]
[EventCountry "GER"]
[EventRounds "7"]
[EventType "team-swiss"]
[EventDate "2016.12.26"]

1. e4 {[%clk 1:30:57]} c6 {[%clk 1:30:57]} 2. d4 {[%clk 1:31:13]} d5 {[%clk
1:31:22]} 3. exd5 {[%clk 1:31:24]} cxd5 {[%clk 1:31:51]} 4. c4 {[%clk 1:31:37]}
Nf6 {[%clk 1:32:13]} 5. Nc3 {[%clk 1:31:46]} Nc6 {[%clk 1:32:37]} 6. Be3 {[%clk
1:30:53]} Bg4 {[%clk 1:23:39]} 7. Qa4 {[%clk 0:58:57]} a6 {[%clk 0:58:33]} 8.
cxd5 {[%clk 0:41:59]} Nxd5 {[%clk 0:58:37]} 9. Qb3 {[%clk 0:41:49]} Nxc3 10.
Qxb7 {[%clk 0:34:17]} Na5 {[%clk 0:44:08]} 11. Qb4 {[%clk 0:28:53]} Nd5 {[%clk
0:43:33]} 12. Qd2 {[%clk 0:24:04]} e6 {[%clk 0:39:57]} 13. a3 {[%clk 0:23:48]}
Nb3 {[%clk 0:38:15]} 0-1

[Event "DVM U14 2016"]
[Site "Düsseldorf GER"]
[Date "2016.12.27"]
[Round "1"]
[White "Zyla, Lennert"]
[Black "Mücka, Cedric"]
[Result "1-0"]
[Termination "normal"]
[Board "2.3"]
[WhiteElo "1813"]
[BlackElo "1526"]
[WhiteClock "00:07:23"]
[BlackClock "00:00:42"]
[WhiteTeam "SG Porz"]
[BlackTeam "SG Leipzig"]
[PlyCount "83"]
[WhiteFideId "12981567"]
[BlackFideId "16217640"]
[EventCountry "GER"]
[EventRounds "7"]
[EventType "team-swiss"]
[EventDate "2016.12.26"]

1. e4 {[%clk 1:30:57]} c5 {[%clk 1:30:47]} 2. Nf3 {[%clk 1:31:12]} d6 {[%clk
1:31:10]} 3. d4 {[%clk 1:31:37]} cxd4 {[%clk 1:31:34]} 4. Nxd4 {[%clk 1:32:01]}
Nf6 {[%clk 1:31:58]} 5. Nc3 {[%clk 1:32:25]} g6 {[%clk 1:32:23]} 6. f3 {[%clk
1:32:48]} Bg7 {[%clk 1:32:38]} 7. Be3 {[%clk 1:33:13]} O-O {[%clk 1:32:53]} 8.
Qd2 {[%clk 1:33:29]} Nc6 {[%clk 1:33:12]} 9. Bc4 {[%clk 1:33:46]} Bd7 {[%clk
1:33:36]} 10. O-O-O {[%clk 1:34:06]} Rc8 {[%clk 1:33:51]} 11. Be2 {[%clk
1:34:07]} Nxd4 {[%clk 1:24:24]} 12. Bxd4 {[%clk 1:34:16]} Be6 {[%clk 1:22:43]}
13. Kb1 {[%clk 1:29:07]} Bc4 {[%clk 1:14:15]} 14. g4 {[%clk 1:18:16]} Re8
{[%clk 0:44:22]} 15. b3 {[%clk 0:58:04]} Bxe2 {[%clk 0:37:11]} 16. Nxe2 {[%clk
0:58:23]} d5 {[%clk 0:15:51]} 17. e5 {[%clk 0:50:14]} Nd7 {[%clk 0:14:08]} 18.
f4 {[%clk 0:44:16]} e6 {[%clk 0:14:00]} 19. g5 {[%clk 0:40:59]} Nc5 {[%clk
0:13:20]} 20. Nc3 {[%clk 0:37:22]} Qa5 {[%clk 0:11:40]} 21. h4 {[%clk 0:23:19]}
b5 {[%clk 0:09:52]} 22. Qe3 {[%clk 0:18:57]} b4 {[%clk 0:07:29]} 23. Ne2 {[%clk
0:18:19]} Ne4 {[%clk 0:07:16]} 24. Bb2 {[%clk 0:16:53]} Qc7 {[%clk 0:07:06]}
25. Nd4 {[%clk 0:16:53]} a6 {[%clk 0:05:57]} 26. Rh3 {[%clk 0:16:02]} Bf8
{[%clk 0:06:01]} 27. h5 {[%clk 0:13:55]} Bg7 {[%clk 0:05:35]} 28. Rdh1 {[%clk
0:12:41]} Qc5 {[%clk 0:05:27]} 29. Qe1 {[%clk 0:12:11]} Nc3+ {[%clk 0:04:46]}
30. Bxc3 {[%clk 0:11:53]} bxc3 {[%clk 0:05:07]} 31. Ne2 {[%clk 0:11:47]} d4
{[%clk 0:05:28]} 32. Qc1 {[%clk 0:11:50]} Qb5 {[%clk 0:04:43]} 33. Rd3 {[%clk
0:11:00]} Red8 {[%clk 0:04:00]} 34. Nxd4 {[%clk 0:09:30]} Qb4 {[%clk 0:03:56]}
35. Rhd1 {[%clk 0:09:23]} Re8 {[%clk 0:03:39]} 36. hxg6 {[%clk 0:08:40]} hxg6
{[%clk 0:04:01]} 37. Ne2 {[%clk 0:08:35]} a5 {[%clk 0:04:06]} 38. Qe3 {[%clk
0:07:50]} Bf8 {[%clk 0:02:54]} 39. Nxc3 {[%clk 0:07:08]} Bc5 {[%clk 0:03:01]}
40. Qe4 {[%clk 0:06:38]} Qxe4 {[%clk 0:00:33]} 41. Nxe4 {[%clk 0:07:04]} Bb4
{[%clk 0:00:42]} 42. Nf6+ {[%clk 0:07:23]} 1-0

[Event "DVM U14 2016"]
[Site "Düsseldorf GER"]
[Date "2016.12.27"]
[Round "1"]
[White "Liedtke, Sebastian"]
[Black "Sewald, Richard"]
[Result "1-0"]
[Termination "normal"]
[Board "2.4"]
[WhiteElo "1454"]
[BlackElo "1710"]
[WhiteClock "00:12:33"]
[BlackClock "00:00:34"]
[WhiteTeam "SG Leipzig"]
[BlackTeam "SG Porz"]
[PlyCount "72"]
[WhiteFideId "16217667"]
[BlackFideId "12983586"]
[EventCountry "GER"]
[EventRounds "7"]
[EventType "team-swiss"]
[EventDate "2016.12.26"]

1. e4 {[%clk 1:30:56]} c5 {[%clk 1:30:53]} 2. Nc3 {[%clk 1:31:17]} e6 {[%clk
1:30:59]} 3. f4 {[%clk 1:31:29]} Nc6 {[%clk 1:30:43]} 4. Nf3 {[%clk 1:31:41]}
Nf6 {[%clk 1:29:22]} 5. Bb5 {[%clk 1:30:12]} Nd4 {[%clk 1:22:18]} 6. e5 {[%clk
1:22:58]} Nxb5 {[%clk 1:17:06]} 7. Nxb5 {[%clk 1:22:08]} Nd5 {[%clk 1:14:58]}
8. d4 {[%clk 1:15:56]} Qa5+ {[%clk 1:13:52]} 9. Nc3 {[%clk 1:13:31]} Nxc3
{[%clk 1:13:52]} 10. bxc3 {[%clk 1:13:44]} Qxc3+ {[%clk 1:13:25]} 11. Bd2
{[%clk 1:13:53]} Qc4 {[%clk 1:10:51]} 12. c3 {[%clk 1:10:12]} b6 {[%clk
1:06:08]} 13. a4 {[%clk 0:59:25]} Ba6 {[%clk 1:04:07]} 14. Kf2 {[%clk 0:48:06]}
Be7 {[%clk 1:00:45]} 15. Re1 {[%clk 0:46:37]} O-O {[%clk 0:56:00]} 16. a5
{[%clk 0:45:52]} Rfb8 {[%clk 0:48:22]} 17. Qc2 {[%clk 0:43:42]} h6 {[%clk
0:39:49]} 18. axb6 {[%clk 0:42:08]} Rxb6 {[%clk 0:33:46]} 19. Rab1 {[%clk
0:41:19]} Rxb1 {[%clk 0:31:34]} 20. Qxb1 {[%clk 0:41:39]} d5 {[%clk 0:21:08]}
21. exd6 {[%clk 0:33:49]} Bxd6 {[%clk 0:20:47]} 22. Ne5 {[%clk 0:33:25]} Bxe5
{[%clk 0:20:00]} 23. dxe5 {[%clk 0:32:53]} Rd8 {[%clk 0:18:56]} 24. Qb2 {[%clk
0:31:51]} Qd5 {[%clk 0:15:52]} 25. Be3 {[%clk 0:30:22]} Bb7 {[%clk 0:13:40]}
26. Kg1 {[%clk 0:28:26]} a5 {[%clk 0:11:03]} 27. Qf2 {[%clk 0:25:27]} c4 {[%clk
0:06:07]} 28. Bc5 {[%clk 0:20:25]} Qd3 {[%clk 0:04:22]} 29. Qb2 {[%clk
0:18:45]} Qd5 {[%clk 0:03:55]} 30. Bd6 {[%clk 0:18:37]} Ra8 {[%clk 0:03:15]}
31. Ba3 {[%clk 0:17:39]} a4 {[%clk 0:02:28]} 32. Qc2 {[%clk 0:16:10]} Rd8
{[%clk 0:01:12]} 33. Bd6 {[%clk 0:15:40]} Qc6 {[%clk 0:01:05]} 34. Ra1 {[%clk
0:15:35]} Qb6+ {[%clk 0:00:46]} 35. Qf2 {[%clk 0:13:42]} Qb3 {[%clk 0:00:34]}
36. Bb4 {[%clk 0:12:33]} Rd4 1-0

[Event "DVM U14 2016"]
[Site "Düsseldorf GER"]
[Date "2016.12.27"]
[Round "1"]
[White "Staufenberger, Philipp"]
[Black "Wong, Gengchun"]
[Result "0-1"]
[Termination "normal"]
[Board "3.1"]
[WhiteElo "1793"]
[BlackElo "2076"]
[WhiteTeam "SG Königskinder Hohentübingen"]
[BlackTeam "SV Dresden-Leuben"]
[PlyCount "103"]
[WhiteFideId "12970883"]
[BlackFideId "12963283"]
[EventCountry "GER"]
[EventRounds "7"]
[EventType "team-swiss"]
[EventDate "2016.12.26"]

1. d4 Nf6 2. c4 g6 3. Nc3 d5 4. cxd5 Nxd5 5. e4 Nxc3 6. bxc3 Bg7 7. Be3 O-O 8.
Be2 c5 9. Rb1 Qc7 10. h3 b6 11. Qd2 Bb7 12. Bf3 Rd8 13. d5 e6 14. c4 Nd7 15.
Be2 exd5 16. cxd5 Re8 17. f3 Qg3+ 18. Kf1 Qe5 19. Bb5 Rad8 20. Bf4 Qe7 21. Ne2
Be5 22. Bxe5 Qxe5 23. Qf4 f5 24. Qxe5 Rxe5 25. Nc3 fxe4 26. fxe4 Nf6 27. Bd3
Nh5 28. Ne2 c4 29. Bc2 Rf8+ 30. Kg1 Re7 31. g4 Nf6 32. Nc3 Nd7 33. Rf1 Nc5 34.
Rxf8+ Kxf8 35. Kf2 h5 36. gxh5 gxh5 37. Ke3 Nd7 38. Kd4 Bc8 39. Rf1+ Ke8 40.
Ba4 Kd8 41. Kxc4 Ne5+ 42. Kd4 Bxh3 43. Rf8+ Kc7 44. Nb5+ Kb7 45. Nd6+ Kc7 46.
Nf5 Rf7 47. Rxf7+ Nxf7 48. Be8 Bxf5 49. exf5 Nd6 50. Ke5 Nxe8 51. f6 Nxf6 52.
Kxf6 0-1

[Event "DVM U14 2016"]
[Site "Düsseldorf GER"]
[Date "2016.12.27"]
[Round "1"]
[White "Bui, Hai Lam"]
[Black "Hofele, Mathis"]
[Result "0-1"]
[Termination "normal"]
[Board "3.2"]
[WhiteElo "1922"]
[BlackElo "1687"]
[WhiteTeam "SV Dresden-Leuben"]
[BlackTeam "SG Königskinder Hohentübingen"]
[PlyCount "62"]
[WhiteFideId "12975737"]
[BlackFideId "12963844"]
[EventCountry "GER"]
[EventRounds "7"]
[EventType "team-swiss"]
[EventDate "2016.12.26"]

1. d4 Nf6 2. Nc3 d5 3. Bg5 Bf5 4. Bxf6 exf6 5. g3 Bb4 6. Bg2 c6 7. e3 O-O 8.
Nge2 Re8 9. O-O Nd7 10. Rb1 Nb6 11. Nc1 Nc4 12. N1e2 Qd7 13. a3 Bf8 14. Nf4
Rab8 15. Na2 Bd6 16. Nd3 Bg4 17. Qe1 Qf5 18. Qc3 Bf3 19. a4 Bxg2 20. Kxg2 h5
21. h4 Qg4 22. Nf4 g5 23. b3 gxf4 24. exf4 Nb6 25. Kh2 Re4 26. Nc1 Rxf4 27.
gxf4 Bxf4+ 28. Qg3 Bxg3+ 29. fxg3 Kg7 30. Rf4 Qd1 31. Rf2 Re8 0-1

[Event "DVM U14 2016"]
[Site "Düsseldorf GER"]
[Date "2016.12.27"]
[Round "1"]
[White "Hurm, Moritz"]
[Black "Bui, Ngoc Han Julia"]
[Result "0-1"]
[Termination "normal"]
[Board "3.3"]
[WhiteElo "1492"]
[BlackElo "1773"]
[WhiteTeam "SG Königskinder Hohentübingen"]
[BlackTeam "SV Dresden-Leuben"]
[PlyCount "58"]
[WhiteFideId "16235150"]
[BlackFideId "12977055"]
[EventCountry "GER"]
[EventRounds "7"]
[EventType "team-swiss"]
[EventDate "2016.12.26"]

1. e4 c5 2. d4 cxd4 3. c3 dxc3 4. Nxc3 Nc6 5. Bc4 e6 6. Nf3 a6 7. O-O Nge7 8.
Be3 b5 9. Bb3 Na5 10. Rc1 Ng6 11. Re1 Be7 12. a3 Nxb3 13. Qxb3 Bb7 14. Bd4 O-O
15. Na2 f5 16. e5 Bd5 17. Qc2 Bxa2 18. b3 Bxa3 19. Ra1 Bxb3 20. Qxb3 Be7 21.
Rec1 Nf4 22. Qd1 Qb8 23. Bc5 Bxc5 24. Rxc5 Qb7 25. Qd6 Rfc8 26. Rxc8+ Rxc8 27.
h3 Rc6 28. Qe7 Qc8 29. Ng5 Ng6 0-1

[Event "DVM U14 2016"]
[Site "Düsseldorf GER"]
[Date "2016.12.27"]
[Round "1"]
[White "Wong, Kar Yan"]
[Black "Hurm, Yannik"]
[Result "1-0"]
[Termination "normal"]
[Board "3.4"]
[WhiteElo "1537"]
[BlackElo "1450"]
[WhiteTeam "SV Dresden-Leuben"]
[BlackTeam "SG Königskinder Hohentübingen"]
[PlyCount "147"]
[WhiteFideId "12971855"]
[BlackFideId "16235169"]
[EventCountry "GER"]
[EventRounds "7"]
[EventType "team-swiss"]
[EventDate "2016.12.26"]

1. e4 c5 2. Nf3 a6 3. d4 cxd4 4. Nxd4 Nf6 5. Nc3 e5 6. Nb3 Bb4 7. Bd3 O-O 8.
Bg5 h6 9. Bh4 b6 10. O-O Bxc3 11. bxc3 Bb7 12. Qf3 d5 13. Bxf6 Qxf6 14. Qxf6
gxf6 15. Nd2 b5 16. exd5 Bxd5 17. Ne4 Kg7 18. Ng3 Nd7 19. a4 Bc6 20. Nf5+ Kh7
21. Ne7+ e4 22. Be2 Bb7 23. axb5 axb5 24. Bxb5 Ne5 25. Nf5 Kg6 26. Nd6 Bd5 27.
Rad1 Be6 28. Nxe4 Bf5 29. Bd3 Ra3 30. f3 Bxe4 31. fxe4 Rxc3 32. Rd2 Nxd3 33.
cxd3 Rd8 34. d4 Re3 35. Rdf2 Rd6 36. Rf4 Rxd4 37. Rxf6+ Kg5 38. R1f5+ Kg4 39.
h3+ Kg3 40. Rf3+ Rxf3 41. Rxf3+ Kh4 42. Rxf7 Rxe4 43. Rg7 Re2 44. Rg4+ Kh5 45.
Kf1 Ra2 46. Re4 Kg5 47. Re2 Rxe2 48. Kxe2 Kf4 49. Kf2 h5 50. g3+ Kg5 51. Ke3
Kf5 52. Kf3 Ke5 53. Ke3 Kf5 54. Kd4 Kf6 55. Ke4 Ke7 56. Kf4 Kf6 57. h4 Kg6 58.
Ke5 Kg7 59. Kf5 Kh6 60. Kf6 Kh7 61. Kg5 Kg7 62. Kxh5 Kf6 63. Kh6 Kf5 64. h5 Kf6
65. g4 Kf7 66. g5 Kg8 67. Kg6 Kh8 68. Kf6 Kg8 69. g6 Kh8 70. g7+ Kh7 71. Kf7
Kh6 72. g8=Q Kxh5 73. Qg3 Kh6 74. Qg6# 1-0

[Event "DVM U14 2016"]
[Site "Düsseldorf GER"]
[Date "2016.12.27"]
[Round "1"]
[White "Chernykh, Arkady"]
[Black "Simukov, Erik"]
[Result "1-0"]
[Termination "normal"]
[Board "4.1"]
[WhiteElo "1896"]
[BlackElo "1769"]
[WhiteTeam "Karlsruher SF"]
[BlackTeam "SVG CAISSA Kassel"]
[PlyCount "99"]
[WhiteFideId "12989436"]
[BlackFideId "12995380"]
[EventCountry "GER"]
[EventRounds "7"]
[EventType "team-swiss"]
[EventDate "2016.12.26"]

1. d4 Nf6 2. c4 e6 3. Nc3 d5 4. cxd5 exd5 5. Bg5 c6 6. e3 Be7 7. Qc2 O-O 8. Bd3
Nbd7 9. Nge2 Re8 10. O-O Nf8 11. f3 Be6 12. Rad1 Rc8 13. Qb1 Qc7 14. Bf4 Bd6
15. Bxd6 Qxd6 16. e4 dxe4 17. fxe4 Ng4 18. e5 Qd8 19. Rf3 Qe7 20. Ne4 Ng6 21.
Nd6 Qh4 22. h3 Bd5 23. Be4 N4xe5 24. dxe5 Bxe4 25. Qxe4 Qxe4 26. Nxe4 Rxe5 27.
N2c3 Re6 28. Rfd3 h6 29. Rd8+ Re8 30. R8d7 Rb8 31. Nd6 Re7 32. Rxe7 Nxe7 33.
Rf1 f6 34. Rf4 b5 35. Re4 Kf8 36. Re6 a5 37. Nce4 b4 38. Nc5 Rd8 39. Ncb7 Ra8
40. Kf2 Ng6 41. Nc4 Nf4 42. Rxc6 Ra7 43. Rc8+ Kf7 44. Kf3 Nd3 45. Ke4 Ne1 46.
Rc7+ Kg6 47. Ne3 a4 48. Nf5 Ra6 49. Rxg7+ Kh5 50. g4# 1-0